Normal view MARC view

Entry Personal Name

Number of records used in: 1

001 - CONTROL NUMBER

  • control field: 531645

003 - CONTROL NUMBER IDENTIFIER

  • control field: OSt

005 - DATE AND TIME OF LATEST TRANSACTION

  • control field: 20220930073458.0

008 - FIXED-LENGTH DATA ELEMENTS

  • fixed length control field: 220930|| aca||aabn | a|a d

040 ## - CATALOGING SOURCE

  • Original cataloging agency: OSt
  • Transcribing agency: OSt

100 ## - HEADING--PERSONAL NAME

  • Personal name: Mahendra Pratap

670 ## - SOURCE DATA FOUND

  • Source citation: Work cat.: (OSt)865072: Mahendra Pratap, Laxmi Narayan Misra ke natkoan mein sanskratik chetna, 1981
Copyright @ Delhi University Library System